Statistiques concernant Paris par image

Cliquez ici pour prendre le quiz!

Statistiques générales

  • Ce quiz a été pris 289 fois
  • Le résultat moyen est 13 sur 16

Statistiques - réponses

Answer % Correct
Seine
99%
Arc de Triomphe
97%
Moulin Rouge
97%
Musée du Louvre
97%
Cathédrale Notre-Dame
96%
Tour Eiffel
95%
La Défense
92%
Champs-Élysées
92%
Le métro
91%
Gare du Nord
84%
Centre Pompidou
82%
Roland-Garros
75%
Musée d'Orsay
61%
Panthéon
61%
Palais de l'Élysée
55%
Hôtel de Ville
37%

Distribution des résultats

Percentile par nombre de réponses

% des personnes avec chaque résultat

Votre développement - résultats

Vous n’avez pas pris ce quiz